000 00645nam a2200265Ia 4500
005 20260121161427.0
008 008 260114s9999 xx 000 0 eng d
020 _a9781315785202
037 _aEBOOK
040 _aCRL
040 _beng
040 _cCRL
041 _2eng
041 _aeng
084 _qCRL
100 _aEmpathy in Counseling and Psychotherapy
_91044631
245 0 _aArthur J. Clark
260 _bTaylor and Francis
260 _c2007
650 _aMental Health
_91044632
856 _uhttp://www.taylorfrancis.com/books/9781315785202
942 _cEBOOK
999 _c1610723
_d1610723